[Event "Joinville op U220"]
[Site "Joinville"]
[Date "2017.02.19"]
[Round "6"]
[White "Besen, Cleber"]
[Black "Souza, Rodrigo Fernando M"]
[Result "0-1"]
[WhiteElo "1798"]
[BlackElo "1643"]
[PlyCount "26"]
[EventDate "2017.02.17"]
[EventType "swiss"]
[EventRounds "7"]
[EventCountry "BRA"]
[SourceTitle "CBM 177 Extra"]
[Source "ChessBase"]
[SourceDate "2017.04.27"]
[SourceVersion "1"]
[SourceVersionDate "2017.04.27"]
[SourceQuality "1"]

1. e4 c5 2. Nc3 d6 3. g3 Nc6 4. Bg2 g6 5. d3 Bg7 6. Be3 Nf6 7. h3 Bd7 8. Qd2 Nd4 9. Nge2 Qb6 10. 0-0-0 0-0 11. Bh6 Bc6 12. h4 Nxe2+ 13. Nxe2 Nxe4 0-1

[Event "Joinville op U220"]
[Site "Joinville"]
[Date "2017.02.18"]
[Round "5"]
[White "Souza, Rodrigo Fernando M"]
[Black "Weise, William Ferreira"]
[Result "0-1"]
[WhiteElo "1643"]
[BlackElo "1915"]
[PlyCount "68"]
[EventDate "2017.02.17"]
[EventType "swiss"]
[EventRounds "7"]
[EventCountry "BRA"]
[SourceTitle "CBM 177 Extra"]
[Source "ChessBase"]
[SourceDate "2017.04.27"]
[SourceVersion "1"]
[SourceVersionDate "2017.04.27"]
[SourceQuality "1"]

1. d4 e6 2. c4 d5 3. Nc3 c6 4. Bf4 dxc4 5. e4 b5 6. e5 Ne7 7. a4 Nd5 8. Nxd5 exd5 9. axb5 cxb5 10. Be2 Nc6 11. Nf3 Bb4+ 12. Bd2 Qe7 13. 0-0 Bxd2 14. Qxd2 0-0 15. Ne1 Qb4 16. Qc3 Be6 17. Nc2 Qxc3 18. bxc3 a5 19. f4 Bf5 20. Ne3 Be4 21. f5 f6 22. e6 b4 23. Rf4 Ne7 24. Rxe4 dxe4 25. Bxc4 Rfd8 26. Rd1 Rac8 27. g4 bxc3 28. Bb3 Kf8 29. Kf2 Rb8 30. Bc2 Rb2 31. Kg3 Nd5 32. Nxd5 Rxd5 33. Bxe4 c2 34. Rc1 Rxd4 0-1

[Event "Catarinense-ch 59th"]
[Site "Joinville"]
[Date "2013.09.19"]
[Round "1.4"]
[White "Souza, Rodrigo Fernando M"]
[Black "Umetsubo, Cesar Hidemitsu"]
[Result "0-1"]
[WhiteElo "1645"]
[BlackElo "2310"]
[PlyCount "80"]
[EventDate "2013.09.19"]
[EventType "swiss"]
[EventRounds "7"]
[EventCountry "BRA"]
[SourceTitle "EXT 2022"]
[Source "ChessBase"]
[SourceDate "2021.10.06"]
[SourceVersion "1"]
[SourceVersionDate "2021.10.06"]
[SourceQuality "1"]

1. d4 Nf6 2. c4 e6 3. Bg5 Be7 4. Nc3 d5 5. e3 h6 6. Bh4 0-0 7. Nf3 Ne4 8. Bxe7 Qxe7 9. cxd5 Nxc3 10. bxc3 exd5 11. Qb3 Rd8 12. c4 Be6 13. c5 b6 14. Rc1 bxc5 15. Rxc5 Nd7 16. Rxc7 Rab8 17. Qc2 Qb4+ 18. Nd2 Nb6 19. Bd3 Rdc8 20. 0-0 Rxc7 21. Qxc7 Rc8 22. Qxa7 Qxd2 23. Ba6 Qa5 24. Rb1 Ra8 25. Qxb6 Qxa6 26. Qxa6 Rxa6 27. Rb2 Bf5 28. Rb5 Rxa2 29. h3 Be6 30. g4 h5 31. Kg2 Kh7 32. gxh5 Kh6 33. Rb8 Kxh5 34. Rh8+ Kg5 35. Kg3 Rc2 36. h4+ Kf5 37. f3 Re2 38. Rh5+ Kf6 39. Kf4 g6 40. Rg5 Rh2 0-1